01740nam a22004457a 4500003000500000005001700005008004100022010001100063011001100074020001800085035001100103040000900114082002200123110000800145245018800153260002300341300003100364490005700395590004100452590004100493590004100534590004100575590004100616590004100657590004100698590004200739650001400781650002000795650003300815650003100848700002000879700003300899700002500932830005700957901000701014942001001021949008801031999001901119952015601138CHAP20220817044540.0120910s2012 it a rn 00010 eng d a103907 a104879 a9789251068373 a115569 cCHAP10a636.08bF21y Doc.2 aFAO10aCrop residue based densified total mixed ration :ba user-friendly approach to utilise food crop by-products for ruminant productionc/por T.K. Walli, M.R. Garg y Harinder P.S. Makkar aRoma :bFAO,c2012 avi, 33 p. :bilus., tablas 0aFAO. Producción y sanidad animal. Documentov; 171 aBATCH-UPDb10c20130110lUCH01h0250 aBATCH-UPDb10c20130110lUCH01h0323 aBATCH-UPDb10c20130110lUCH01h0352 aBATCH-UPDb10c20130110lUCH01h0423 aBATCH-UPDb10c20130409lUCH01h2151 aBATCH-UPDb10c20130409lUCH01h2250 aBATCH-UPDb10c20130914lUCH01h1352 aCONVERSIONb10c20130109lUCH01h1357 4aForrajes. 4aPiensos.988012 4aResiduos de cosechas.996115 4aRumiantesxAlimentación.1 aGarg, M. R.9141 aMakkar, Harinder P.S.9699611 aWalli, T. K.9120936 0aFAO. Producción y sanidad animal. Documentov; 171 aBK cLIBRO a636.08 F21y Doc. v.172bBCcFAOd33724002347835eFAO1gDonaciØnh117353i115569st c103907d103907 00104053708FAOaBCbBCcPP_FAOd2019-12-31eDonacionfLIBROi127l0o636.08 F21y Doc. v.172p33724002347835r2019-12-31 00:00:00w2019-12-31yLIBRO